album queen I - queen - Statistiques

Statistiques générales
  • Ce quiz a été pris 6 fois
  • Le résultat moyen est 6 sur 11
Statistiques - réponses
Hint Réponse % Correct
03 great king rat
75%
05 my fairy king
75%
11 seven seas of rhye
75%
02 doing all right
50%
10 jesus
50%
01 keep yourself alive
50%
06 liar
50%
08 modern times rock'n'roll
50%
07 the night comes down
50%
09 son and daughter
25%
04 mad the swine
0%
Aucun quiz correspondant
Distribution des résultats
% des personnes avec chaque résultat
Percentile par nombre de réponses
Votre historique - résultats
Vous n’avez pas pris ce quiz